000 00563nam a2200181Ia 4500
005 20250508154058.0
008 008 250505s9999 xx 000 0 eng d
037 _aBooks to be hide in OPAC
040 _aFEDL
_beng
_cFEDL
041 _aeng
_2eng
084 _a507, NCE/O
_qFEDL
245 0 _aScience and mathematics education in Indian schools: Report of the unesco planning mission 1964
245 0 _cNCERT (Delhi India)
260 _aDelhi, India
_bNCERT
_c1965
300 _axi,212p
942 _cHB
_h507, NCE/O
999 _c1347492
_d1347492